000 00499cam a2200193 4500
001 D1811
008 090401t1971 xxu||||| |||| 00| 0 eng d
035 _a(Sirsi) u65959
041 _aeng
050 _a624.003
100 _aBucksch, Herbert
245 _aDictionary of civil engineering and construction machinery and equipment vol 2 English-German
250 _a5th
260 _aWiesbaden
_bBauverlag
_c1971
300 _a1219p. 17cm
350 _a28
942 _n0
948 _c04/03/1997
999 _c94804
_d94804